000 00274nam a2200145Ia 4500
100 _aVAsilyev/M
650 _aChemistry
942 _cBK
654 _aman
245 _aMatter & Man
260 _bPeace publishers
082 _a530
300 _a178
546 _aENGLISH
999 _c25210
_d25210